000 00645nam a2200265Ia 4500
005 20260121165030.0
008 008 260114s9999 xx 000 0 eng d
020 _a9781137527974
037 _aEBOOK
040 _aCRL
040 _beng
040 _cCRL
041 _2eng
041 _aeng
084 _qCRL
100 _aShawn T. Cochran
_91046693
245 0 _aWar Termination as a Civil-Military Bargain
260 _bSpringer
260 _bSpringer
260 _c2016
856 _uhttps://link.springer.com/openurl?genre=book&isbn=978-1-137-52797-4
942 _cEBOOK
999 _c1612418
_d1612418